Valtiot joissa James Bond on käynyt - Statistics

Yleistilastot
  • Tätä visaa on pelattu 144 kertaa
    114 viimeisimmän päivityksen jälkeen
  • Keskiarvotulos 33 / 46
Vastaustilastot
Manner Valtio % Oikein
Aasia Japani
98%
Aasia Kiina
97%
Eurooppa Venäjä / Neuvostoliitto
95%
Eurooppa Saksa / Itä-Saksa
94%
Eurooppa Italia
92%
Eurooppa Ranska
92%
Amerikka Yhdysvallat
92%
Eurooppa Yhdistynyt Kuningaskunta
89%
Eurooppa Espanja
88%
Amerikka Meksiko
88%
Amerikka Brasilia
86%
Afrikka Egypti
86%
Aasia Intia
86%
Eurooppa Itävalta
83%
Eurooppa Sveitsi
82%
Aasia Turkki
82%
Eurooppa Islanti
80%
Eurooppa Kreikka
80%
Eurooppa Alankomaat
76%
Aasia Etelä-Korea
76%
Eurooppa Norja
74%
Afrikka Etelä-Afrikka
73%
Amerikka Kuuba
71%
Aasia Thaimaa
71%
Aasia Afganistan
68%
Eurooppa Portugali
68%
Aasia Vietnam
68%
Aasia Pohjois-Korea
67%
Eurooppa Monaco
65%
Eurooppa Tšekki
65%
Eurooppa Slovakia (Tšekkoslovakia)
64%
Afrikka Marokko
62%
Amerikka Bahama
61%
Eurooppa Kroatia (Jugoslavia)
61%
Eurooppa Albania
59%
Amerikka Jamaika
59%
Eurooppa Serbia (Jugoslavia)
59%
Eurooppa Vatikaani
59%
Amerikka Bolivia
58%
Aasia Pakistan
58%
Amerikka Haiti
52%
Aasia Kazakstan
52%
Aasia Azerbaidžan
42%
Eurooppa Montenegro
38%
Afrikka Madagaskar
32%
Aasia Libanon
21%
Ehtoja vastaavia visoja ei löytynyt
Tulosjakauma
Jokaisen tuloksen saaneiden osuus
Persentiili vastausten määrän mukaan
Tuloshistoriasi
Et ole pelannut tätä visaa sen viimeisimmän päivityksen jälkeen